000 00285nam a22001217a 4500
008 190315b xxu||||| |||| 00| 0 eng d
041 _aeng
080 _a043.3
100 _a0
101 _aSHJ-BA
245 _aLindja dhe Zhvillimi i se Drejtes se Punes
_cAsanaj, G
942 _2udc
_cBK
999 _c54829
_d54829